000 01274cam a22003617a 4500
003 CHAP
005 20220329141000.0
008 971013s1981 r 00010 d
010 _a60894
011 _a61866
035 _a66034
040 _cCHAP
082 _a635
_bU5 1981
100 0 0 _aUnión Nacional de Productores de Hortalizas. México.
_9116247
245 0 _aDirectorios de la comercialización de las hortalizas y frutas mexicanas
250 _a2 ed.
260 _aMéxico, D.F. :
_bDirección General de Economía Agrícola,
_c1981
300 _a267 p.
590 _aBATCH-UPD
_b10
_c20130110
_lUCH01
_h0122
590 _aBATCH-UPD
_b10
_c20130110
_lUCH01
_h1255
590 _aBATCH-UPD
_b10
_c20130409
_lUCH01
_h2115
590 _aBATCH-UPD
_b10
_c20130410
_lUCH01
_h0815
590 _aBATCH-UPD
_b10
_c20130914
_lUCH01
_h1445
590 _aCONVERSION
_b10
_c20130109
_lUCH01
_h1333
650 1 4 _aFruta
_xMercadeo
_xMéxico.
_943639
650 1 4 _aFruticultura
_xDirectorios.
_943716
650 1 4 _aHorticultura
_xDirectorios.
_956324
650 1 4 _aLegumbres
_xMercadeo
_xMéxico.
_965747
901 _aBK
942 _cLIBRO
949 _a635 U5 1981
_bBC
_cC
_d33724000564860
_eC
_h56280
_i66034
_si
949 _a635 U5 1981
_bBC
_cC
_d33724000564878
_eC
_fc.2
_h72043
_i66034
_si
999 _c60894
_d60894